Statistics for Simpsons states

Click here to take the quiz!

General Stats

  • This quiz has been taken 26 times
  • The average score is 8 of 17

Answer Stats

HintAnswer% Correct
The state the Simpsons move to in The Simpsons MovieAlaska
89%
The Simpsons are banned from this state after nearly killing Captain Jack the alligatorFlorida
84%
Bart and his friends go to a World's Fair in this state, 10 years too lateTennessee
63%
While the rest of the Simpsons had a wonderful trip to this state, Homer had the trip from hellNew York
58%
Maine
53%
The last state the Simpsons have not been banned from yetNorth Dakota
53%
Homer accidentally destroyed the birthplace of Matt Groening in this stateOregon
53%
Homer's half brother Herb used to live in this stateMichigan
53%
Nevada
47%
The Springfield Isotopes nearly moved to a city in this stateNew Mexico
47%
The four states that border Springfield (alphabetical order)Kentucky
47%
Except for this state that state Homer says "smells funny"Arizona
37%
The state the Simpsons are ecstatic to visit, where Bart would like to see a screen-door factoryDelaware
32%
Ohio
32%
Grandpa goes to this state to win back his love interest, ZeldaMissouri
26%
Character Richard O'Hara comes from this stateTexas
16%
America's 51st stateSaudi Israelia
16%

Score Distribution

Percentile by Number Answered

Percent of People with Each Score

Your Score History

You have not taken this quiz